| 000 | 02569nam a2200481 c 4500 | ||
|---|---|---|---|
| 003 | BLK | ||
| 005 | 20240622164526.0 | ||
| 008 | 180408b bul|||||r ||||||| ||bul|| | ||
| 010 | _aKNG00070191000 | ||
| 020 | _a954-607-727-5 | ||
| 040 | _aBLK | ||
| 041 |
_aBUL _cBUL |
||
| 080 |
_aПсихология на детската възраст. Интелектуално развитие на децата. Психически особености. Детски представи, описани в разкази _b159.922.7 _x.072 _z159.922.7.072 |
||
| 080 |
_aМислене. Представа - Абстракция. Подбор. Сравнение. Размисъл. Преценка. Мнение. Умозаключение. Индукция. Дедукция. Евристика. Мислене и говорене. Рефлексия (психол.) _b159.955 _x-053.2 _z159.955-053.2 |
||
| 080 |
_aПсихометрия. Психохронометрия. Измерване на времето _b159.938.3 _z159.938.3 |
||
| 100 | 1 |
_aСеребряков, Виктор _eпърви автор _9366565 |
|
| 139 |
_aСеребряков, Виктор и др. _bС 34 |
||
| 245 | 1 | 0 |
_aПроверете интелигентността на своето дете _bС IQ тест за деца от 7 до 17 г. _cВиктор Серебряков; съавт. Стивън Лангер; прев. от англ. Живко Стоянов; ред. Росица Алексиева. |
| 250 | _a2. изд. | ||
| 257 | _aGBR | ||
| 260 |
_aСофия _bЛИК _c2006 |
||
| 300 |
_a151 с. _c20 см |
||
| 380 | _a1 | ||
| 490 | _aСветът на интелекта | ||
| 500 | _aОриг. загл. Check Your Child's IQ / Victor Serebriakoff, Steven Langer. - Офс. изд. | ||
| 650 | 4 |
_aИнтелигентност _9157308 |
|
| 650 | 4 |
_aТестове - за интелигентност - на деца _9244144 |
|
| 650 | 4 |
_aПсихологически изследвания _9251806 |
|
| 653 | _aинтелигентност | ||
| 653 | _aтестове | ||
| 653 | _aпсихометрия | ||
| 653 | _aдеца | ||
| 700 | 1 |
_aЛангер, Стивън _eсъавт. _9244142 |
|
| 700 | 1 |
_aСтоянов, Живко _eпрев. от англ. _9244143 |
|
| 700 | 1 |
_aАлексиева, Росица _eред. _9366566 |
|
| 852 | _aЦб 230544 | ||
| 856 | 4 | _qpdf | |
| 856 | 4 | _qpdf | |
| 942 |
_cKNG _n0 _06 |
||
| 944 |
_aCR _c21.12.2006 _k30531 _lЦветелина Шанова |
||
| 944 |
_aED _c23.04.2008 |
||
| 999 |
_c65908 _d65908 |
||
| 999 | _d65908 | ||